Fifa 11 Player Overall 85+ - Statistiken

Allgemein
  • Dieses Quiz wurde 50 mal gespielt
  • Das Durchschnittsergebnis liegt bei 29 aus 42
Antwortstatistiken
Overall Verein Position Nationalität Alter Antwort % Korrekt
89 Real Madrid RW Portugal 25 Cristiano Ronaldo
100%
90 FC Barcelona RW Argentinien 23 Lionel Messi
100%
86 FC Schalke 04 GK Deutschland 24 Manuel Neuer
95%
87 FC Barcelona CAM Spanien 26 Andres Iniesta
93%
86 FC Bayern München LM Frankreich 27 Franck Ribery
93%
87 FC Bayern München RM Niederlande 26 Arjen Robben
91%
87 Manchester United ST England 24 Wayne Rooney
91%
87 FC Barcelona CM Spanien 30 Xavi
91%
86 AC Milan ST Schweden 28 Zlatan Ibrahimovic
89%
88 Real Madrid GK Spanien 29 Iker Casillas
86%
85 FC Bayern München RB Deutschland 26 Philipp Lahm
86%
88 FC Barcelona ST Spanien 28 David Villa
84%
86 FC Chelsea ST Elfenbeinküste 32 Didier Drogba
82%
85 FC Bayern München CM Deutschland 25 Bastian Schweinsteiger
80%
86 FC Barcelona CB Spanien 32 Carles Puyol
80%
86 FC Arsenal CM Spanien 23 Cesc Fabregas
80%
85 FC Chelsea ST Spanien 26 Fernando Torres
77%
86 Inter Mailand ST Kamerun 29 Samuel Eto'o
77%
85 Juventus Turin GK Italien 32 Gianluigi Buffon
73%
87 Manchester United CB Serbien 28 Nemanja Vidic
70%
86 FC Liverpool CAM England 30 Steven Gerrard
70%
85 FC Barcelona CB Spanien 23 Gerard Pique
68%
86 FC Chelsea CAM England 32 Frank Lampard
66%
85 Atletico Madrid CF Argentinien 22 Sergio Aguero
66%
85 Manchester City CAM Spanien 24 David Silva
64%
85 FC Chelsea CM Ghana 27 Michael Essien
64%
86 Inter Mailand CAM Niederlande 26 Wesley Sneijder
64%
85 Manchester United CB England 31 Rio Ferdinand
61%
86 Manchester City CF Argentinien 26 Carlos Tevez
59%
85 FC Chelsea CB England 29 John Terry
59%
86 Inter Mailand GK Brasilien 30 Julio Cesar
59%
85 Real Madrid CAM Brasilien 28 Kaka
59%
85 Atletico Madrid ST Uruguay 31 Diego Forlan
55%
85 Juventus Turin CB Italien 25 Giorgio Chiellini
55%
85 Real Madrid ST Argentinien 22 Gonzalo Higuain
55%
85 FC Barcelona GK Spanien 28 Victor Valdes
52%
85 Real Madrid CM Spanien 28 Xabi Alonso
52%
85 Inter Mailand RWB Brasilien 28 Maicon
45%
85 FC Liverpool GK Spanien 27 Pepe Reina
43%
85 Tottenham Hotspur CAM Niederlande 27 Rafael van der Vaart
43%
85 Inter Mailand CB Brasilien 32 Lucio
36%
85 FC Arsenal CAM Frankreich 23 Samir Nasri
30%
Keine übereinstimmenden Quizze gefunden
Verteilung der Resultate
Anzahl Personen mit jedem Resultat
Perzentil nach korrekt beantworteten Fragen
Ihre Resultats-Entwicklung
Sie haben dieses Quiz noch nicht gespielt